| 000 | 00458nam a22001697a 4500 | ||
|---|---|---|---|
| 003 | BD-DhUL | ||
| 005 | 20171121100455.0 | ||
| 008 | 171121s1305 xx ||||| |||| 00| 0 per d | ||
| 040 |
_aBD-DhUL _cBD-DhUL |
||
| 082 |
_a891.551 _bNIK |
||
| 100 | 0 | _aنیما۔ یوشیج | |
| 245 | 0 |
_aخانوادہ درباز / _cنیما۔ یوشیج |
|
| 260 |
_a: _b، _c۱۳۰۵۔ |
||
| 300 |
_aص۔ ۴۸ ؛ _c۱۶ سم۔ |
||
| 650 | 0 | _aPersian poetry | |
| 942 |
_2ddc _cBK |
||
| 999 |
_c232256 _d232256 |
||